000 06957nam a2200673 a 4500
005 2009052508118.0
008 070816s2008 nyua b 001 0 eng
010 _aENG-93702
020 _a9780070080843
_c395.00
020 _a0070080844
_c395.00
035 _aEN-77235
035 _aB-360493-524
037 _bDBAD / PUB
037 _bUBH
040 _adpl
_bEnglish
082 _a530
100 _aMishra, S.
245 _aPractice problems in physics:
_cby S. Mishra
_bfor engineering & medical college entrance examination /
260 _aNew Delhi
_bTata McGraw-Hill Publishing
_c2009
270 _a7 West Patel Nagar,
_bNew Delhi
_e110008
300 _aVarious pagings
_c25cm(pbk)
490 _aTata McGraw-Hill's winning we edge series
650 _aPhysics.
942 _2ddc
_cEN
_mMIS
_h530
999 _c26760
_d26760